An introduction to cataloguing practice / (Record no. 7847)
[ view plain ]
| 000 -LEADER | |
|---|---|
| fixed length control field | 01305cam a2200349 a 4500 |
| 001 - CONTROL NUMBER | |
| control field | 545549 |
| 005 - DATE AND TIME OF LATEST TRANSACTION | |
| control field | 20260413170209.0 |
| 008 - FIXED-LENGTH DATA ELEMENTS--GENERAL INFORMATION | |
| fixed length control field | 880324t19851981ii 001 0 eng |
| 035 ## - SYSTEM CONTROL NUMBER | |
| System control number | 545549 |
| 010 ## - LIBRARY OF CONGRESS CONTROL NUMBER | |
| LC control number | 87905508 |
| 025 ## - OVERSEAS ACQUISITION NUMBER | |
| Overseas acquisition number | I E 56319 |
| 035 ## - SYSTEM CONTROL NUMBER | |
| -- | (DLC) 87905508 |
| 040 ## - CATALOGING SOURCE | |
| Original cataloging agency | DLC |
| Transcribing agency | DLC |
| Modifying agency | DLC |
| 050 00 - LIBRARY OF CONGRESS CALL NUMBER | |
| Classification number | Z694.15.A55 |
| Item number | K75 1981 |
| 082 00 - DEWEY DECIMAL CLASSIFICATION NUMBER | |
| Classification number | 025.3/2 |
| Edition number | 20 |
| 100 0# - MAIN ENTRY--PERSONAL NAME | |
| Personal name | Krishan Kumar, |
| Dates associated with a name | 1933- |
| 245 13 - TITLE STATEMENT | |
| Title | An introduction to cataloguing practice / |
| Statement of responsibility, etc | Krishan Kumar. |
| 260 ## - PUBLICATION, DISTRIBUTION, ETC. (IMPRINT) | |
| Place of publication, distribution, etc | New Delhi : |
| Name of publisher, distributor, etc | Vikas Pub. House, |
| Date of publication, distribution, etc | 1985, c1981. |
| 300 ## - PHYSICAL DESCRIPTION | |
| Extent | vi, 298 p. ; |
| Dimensions | 22 cm. |
| 336 ## - | |
| -- | text |
| -- | txt |
| -- | rdacontent |
| 337 ## - | |
| -- | unmediated |
| -- | n |
| -- | rdamedia |
| 338 ## - | |
| -- | volume |
| -- | nc |
| -- | rdacarrier |
| 600 10 - SUBJECT ADDED ENTRY--PERSONAL NAME | |
| Personal name | Ranganathan, S. R. |
| Fuller form of name | (Shiyali Ramamrita), |
| Dates associated with a name | 1892-1972. |
| Title of a work | Classified catalogue code. |
| 630 00 - SUBJECT ADDED ENTRY--UNIFORM TITLE | |
| Uniform title | Anglo-American cataloging rules (North American text) |
| 650 #0 - SUBJECT ADDED ENTRY--TOPICAL TERM | |
| Topical term or geographic name as entry element | Descriptive cataloging |
| General subdivision | Rules. |
| 906 ## - LOCAL DATA ELEMENT F, LDF (RLIN) | |
| a | 7 |
| b | cbc |
| c | orignew |
| d | 4 |
| e | ncip |
| f | 19 |
| g | y-gencatlg |
| 922 ## - | |
| -- | fa |
| 985 ## - | |
| -- | APIF/ODE |
| 991 ## - | |
| -- | c-GenColl |
| -- | Z694.15.A55 |
| -- | K75 1981 |
| -- | 00015211544 |
| -- | Copy 1 |
| -- | BOOKS |
| 999 ff - SYSTEM CONTROL NUMBERS (KOHA) | |
| -- | de4726b3-ce39-5725-8e26-186322c9c1e4 |
| -- | 1792dcea-c8fd-4f3b-b07c-57e2624358c1 |
No items available.
